Normal view MARC view
  • Miguel Álvarez, Ana de

Entry Nombre Personal

Number of records used in: 3

001 - NUMERO DE CONTROL

  • campo de control: 48188

003 - IDENTIFICADOR DE NUMERO DE CONTROL

  • campo de control: DLC

005 - FECHA Y HORA DE LA ÜLTIMA TRANSACCIÓN

  • campo de control: 20230309114342.0

008 - DATOS DE LONGITUD FIJA

  • campo de control de longitud fija: 970527n| acannaabn |a aaa

010 ## - NÚMERO DE CONTROL DE LA BIBLIOTECA DEL CONGRESO

  • Número de control LC: n 97054752
  • Número de Control LC Cancelado/inválido: n 2003113066

035 ## - NUMERO DE CONTROL

  • Número de control: (OCoLC)oca04349589

040 ## - FUENTE DE CATALOGACIÓN

  • Agencia original de catalogación: DLC
  • Lenguaje de catalogación: spa
  • Agencia de transcripción: DLC
  • Agencia que lo modifica: OCoLC
  • Agencia que lo modifica: Uk
  • Agencia que lo modifica: DLC
  • Agencia que lo modifica: MX-MxUPN

046 ## - FECHAS CON CODIFICACIÓN ESPECIAL

  • Fecha de nacimiento: 1961

100 1# - ENCABEZAMIENTO - NOMBRE PERSONAL

  • Nombre personal: Miguel Álvarez, Ana de

370 ## - LUGAR ASOCIADO

  • Place of birth: Santander (España)

372 ## - CAMPO DE ACTIVIDAD

  • Field of activity: Filosofía
  • Field of activity: Feminismo

373 ## - GRUPO ASOCIADO

  • Associated group: Universidad Rey Juan Carlos
  • Fuente del término: naf

374 ## - OCUPACIÓN

  • Occupation: Profesora universitaria

377 ## - LENGUA ASOCIADA

  • Language code: spa

400 1# - VEÁSE - NOMBRE DE PERSONA

  • Personal name: Álvarez, Ana de Miguel

400 1# - VEÁSE - NOMBRE DE PERSONA

  • Personal name: De Miguel Álvarez, Ana

400 1# - VEÁSE - NOMBRE DE PERSONA

  • Personal name: Miguel, Ana de

670 ## - FUENTE EN LA QUE SE LOCALIZARON DATOS

  • Cita de la fuente: Marxismo y feminismo en Alejandra Kollontay, 1993:
  • Información localizada: portada (Ana de Miguel Álvarez)

670 ## - FUENTE EN LA QUE SE LOCALIZARON DATOS

  • Cita de la fuente: O feminismo ontem e hoje, 2002:
  • Información localizada: portada (Ana de Miguel Álvarez) cubierta (b. 1961, Santander; profesora titular, especialista en teoría feminista y estudios de género)

670 ## - FUENTE EN LA QUE SE LOCALIZARON DATOS

  • Cita de la fuente: Tristan, Flora. Feminismo y socialismo, 2003:
  • Información localizada: portada (Ana de Miguel)

670 ## - FUENTE EN LA QUE SE LOCALIZARON DATOS

  • Cita de la fuente: Ética para Celia : contra la doble verdad, 2021:
  • Información localizada: portada (Ana de Miguel) solapa (Ana de Miguel; filósofa y feminista, profesora titular de Filosofía Moral y Política en la Universidad Rey Juan Carlos de Madrid)

902 ## - CATALOGADOR

  • Catalogador: Víctor Ruiz/090323